Loading...
| History - World | 0 | 9 | 0 | 3 | 90 | 104 | 122.89 | 1 | 7 | 0.00 | 0.00 |
| History - European | 0 | 8 | 1 | 1 | 75 | 45 | 89.00 | 1 | 6 | 0.00 | 0.00 |
| Religion | 0 | 4 | 0 | 0 | 40 | 71 | 91.50 | 1 | 3 | 0.00 | 0.00 |
| Mythology | 0 | 4 | 0 | 2 | 40 | 123 | 137.25 | 0 | 1 | 0.00 | 0.00 |
| Social Science | 0 | 4 | 0 | 1 | 40 | 41 | 92.25 | 1 | 3 | 0.00 | 0.00 |
| History - Other | 0 | 4 | 1 | 0 | 35 | 40 | 86.25 | 1 | 3 | 0.00 | 0.00 |
| Science - Chemistry | 0 | 3 | 0 | 0 | 30 | 97 | 101.00 | 0 | 3 | 0.00 | 0.00 |
| Literature - World | 0 | 2 | 0 | 0 | 20 | 97 | 124.50 | 0 | 1 | 0.00 | 0.00 |
| History - American | 0 | 2 | 0 | 1 | 20 | 122 | 127.00 | 0 | 1 | 0.00 | 0.00 |
| Literature - European | 0 | 1 | 0 | 0 | 10 | 94 | 94.00 | 0 | 1 | 0.00 | 0.00 |
| Fine Arts - Classical Music | 0 | 1 | 0 | 0 | 10 | 137 | 137.00 | 0 | 0 | 0.00 | 0.00 |
| Literature - American | 0 | 1 | 0 | 0 | 10 | 128 | 128.00 | 0 | 0 | 0.00 | 0.00 |
| Current Events | 0 | 1 | 0 | 0 | 10 | 65 | 65.00 | 0 | 1 | 0.00 | 0.00 |
| Other Academic | 0 | 1 | 0 | 0 | 10 | 135 | 135.00 | 0 | 0 | 0.00 | 0.00 |
| Philosophy | 0 | 1 | 0 | 0 | 10 | 94 | 94.00 | 1 | 1 | 0.00 | 0.00 |
| Science - Biology | 0 | 1 | 0 | 1 | 10 | 105 | 105.00 | 0 | 0 | 0.00 | 0.00 |
| Science - Other | 0 | 1 | 0 | 0 | 10 | 97 | 97.00 | 0 | 0 | 0.00 | 0.00 |
| Fine Arts - Other | 0 | 1 | 1 | 0 | 5 | 112 | 112.00 | 0 | 0 | 0.00 | 0.00 |
| Fine Arts - Painting and Sculpture | 0 | 0 | 0 | 0 | 0 | 0.00 | 0 | 0 | 0.00 | 0.00 | |
| Literature - British | 0 | 0 | 0 | 0 | 0 | 0.00 | 0 | 0 | 0.00 | 0.00 | |
| Science - Physics | 0 | 0 | 0 | 0 | 0 | 0.00 | 0 | 0 | 0.00 | 0.00 |